| 000 | 00539nam a2200181Ia 4500 | ||
|---|---|---|---|
| 999 |
_c35195 _d35195 |
||
| 003 | OSt | ||
| 005 | 20201214105104.0 | ||
| 008 | 190216s9999||||xx |||||||||||||| ||und|| | ||
| 040 | _coclc | ||
| 082 |
_a599.7357 _bHOO/R |
||
| 100 |
_aHoover, Helen _97428 |
||
| 245 | 0 |
_aReaders Digest Condensed Books / _cHelen Hoover |
|
| 250 | _a1st Ed. | ||
| 260 |
_bThe Readers Digest Association Ltd, _c1968. _aLondon: |
||
| 300 | _a504p | ||
| 650 | _aGeneral Libraries | ||
| 942 |
_cREF _2ddc _h599.7357 _iHOO/R _k599.7357 _mHOO/R |
||